书目信息 |
| 题名: |
积分变换
|
|
| 作者: | 朱永银 , 魏莹 , 郭文秀 主编 | |
| 分册: | ||
| 出版信息: | 武汉 华中工学院出版社 2002.08 |
|
| 页数: | 84页 | |
| 开本: | 18cm | |
| 丛书名: | ||
| 单 册: | ||
| 中图分类: | O177.6 | |
| 科图分类: | ||
| 主题词: | 数学分析 | |
| 电子资源: | ||
| ISBN: | 7-5609-2768-8 | |
| 000 | 00640nam0 2200217 45 | |
| 001 | 0436119121 | |
| 005 | 2004042210015867 | |
| 010 | @a7-5609-2768-8@dCNY 4.80 | |
| 100 | @a20040422d2002 km y0chiy0120 ea | |
| 101 | 0 | @achi |
| 102 | @aCN@b420000 | |
| 200 | 1 | @a积分变换@AJi Fen Bian Huan@f朱永银,魏莹,郭文秀主编@FZhu Yong Yin,Wei Ying,Guo Wen Xiu Zhu Bian |
| 210 | @a武汉@c华中工学院出版社@d2002.08 | |
| 215 | @a84页@d18cm | |
| 606 | 0 | @a数学分析 |
| 690 | @aO177.6@v3 | |
| 701 | 0 | @a朱永银@AZhu Yong Yin@4主编 |
| 701 | 0 | @a魏莹@AWei Ying@4主编 |
| 701 | 0 | @a郭文秀@AGuo Wen Xiu@4主编 |
| 801 | 0 | @aCN@bPFT@c20040422 |
| 905 | @dO177.6@eZ898 | |
| 积分变换/朱永银,魏莹,郭文秀主编.-武汉:华中工学院出版社,2002.08 |
| 84页;18cm |
| ISBN 7-5609-2768-8:CNY 4.80 |
| ● |
| 相关链接 |
|
|
|
正题名:积分变换
索取号:O177.6/Z898
 
预约/预借
| 序号 | 登录号 | 条形码 | 馆藏地/架位号 | 状态 | 备注 |
| 1 | 379857 | 203798578 | 自科库401/ [索取号:O177.6/Z898] | 在馆 | |
| 2 | 379858 | 203798587 | 自科库401/401自科库 45排6列4层/ [索取号:O177.6/Z898] | 在馆 | |
| 3 | 379859 | 203798596 | 自科库401/401自科库 45排6列4层/ [索取号:O177.6/Z898] | 在馆 |